Industrialización y formación de clase: el caso de la fracción industrial en Honduras /
Guardado en:
| Hovedforfatter: | |
|---|---|
| Format: | Texto |
| Fag: | |
| Tags: |
Tilføj Tag
Ingen Tags, Vær først til at tagge denne postø!
|
MARC
| LEADER | 00000 a a2200000 04500 | ||
|---|---|---|---|
| 001 | 14235 | ||
| 003 | |||
| 040 | |||
| 100 | |a Murga Frassinetti, Antonio | ||
| 245 | |a Industrialización y formación de clase: el caso de la fracción industrial en Honduras / |c Antonio Murga Frassinetti | ||
| 650 | |a INDUSTRIALIZACION | ||
| 650 | |a CLASES SOCIALES | ||
| 650 | |a BURGUESIA | ||
| 650 | |a INMIGRANTES | ||
| 650 | |a MOVILIDAD SOCIAL | ||
| 650 | |a ESTRUCTURA SOCIAL | ||
| 650 | |a FORMACION PROFESIONAL | ||
| 650 | |a EMPRESAS INDUSTRIALES | ||
| 650 | |a COMERCIO | ||
| 650 | |a OCUPACIONES | ||
| 650 | |a PRODUCTIVIDAD DEL TRABAJO | ||
| 650 | |a NIVELES DE ENSEÑANZA | ||
| 650 | |a NACIONALIDAD | ||
| 650 | |a ESTABILIDAD LABORAL | ||
| 773 | |g número 17; páginas 67-87 | ||
| 999 | |c 36341 |d 36341 | ||
